00565 2200193 4500001002100000005001700021008004100038020001800079035002400097090002000121100002000141245008400161250001100245260003100256300003000287650002100317850001200338999002100350YOGYA-1010000000127420161019132745.0 ind  a979-497-027-1 0010-101000000001274 aDEP 248.4 Dar T aDarminta, Sj, J aTumbuh dalam Roh: panduan pemeriksaan batin dari hari ke haric/ J. Darminta SJ aCet. 1 aYogyakartabKanisiusc1993 a39 hlm.b: ilus.c; 15 cm aHidup kerohanian aYOPDYOG aCB-D.11/1993-318